Los dos pájaros gemelos / (Registro nro. 51558)
[ vista simple ]
| 000 -CABECERA | |
|---|---|
| campo de control de longitud fija | 00858nam a2200265 a 4500 |
| 001 - NÚMERO DE CONTROL | |
| campo de control | 000008003 |
| 003 - IDENTIFICADOR DEL NÚMERO DE CONTROL | |
| campo de control | DO-SdBNP |
| 005 - FECHA Y HORA DE LA ÚLTIMA TRANSACCIÓN | |
| campo de control | 20230220132810.0 |
| 007 - CAMPO FIJO DE DESCRIPCIÓN FÍSICA--INFORMACIÓN GENERAL | |
| campo de control de longitud fija | ta |
| 008 - DATOS DE LONGITUD FIJA--INFORMACIÓN GENERAL | |
| campo de control de longitud fija | 090914e2018 cu a gr 001 j spa d |
| 020 ## - NÚMERO INTERNACIONAL ESTÁNDAR DEL LIBRO | |
| Número Internacional Estándar del Libro | 9789945597783 |
| 040 ## - FUENTE DE LA CATALOGACIÓN | |
| Centro catalogador/agencia de origen | DO-SdBNP |
| Lengua de catalogación | spa |
| Centro/agencia transcriptor | BNPHU |
| 082 #4 - NÚMERO DE LA CLASIFICACIÓN DECIMAL DEWEY | |
| Número de documento/Ítem | C352d |
| Número de edición | 22 |
| 100 1# - ENTRADA PRINCIPAL--NOMBRE DE PERSONA | |
| Nombre de persona | Castillo, Aurelia |
| 9 (RLIN) | 21873 |
| 245 10 - MENCIÓN DE TÍTULO | |
| Título | Los dos pájaros gemelos / |
| Mención de responsabilidad, etc. | Aurelia Castillo ; introducción, Máximo Castro |
| 260 ## - PUBLICACIÓN, DISTRIBUCIÓN, ETC. | |
| Lugar de publicación, distribución, etc. | Santo Domingo : |
| Nombre del editor, distribuidor, etc. | Amigo del Hogar, |
| Fecha de publicación, distribución, etc. | 2018. |
| 300 ## - DESCRIPCIÓN FÍSICA | |
| Extensión | 11 p. : |
| Otras características físicas | il. ; |
| Dimensiones | 18 cm. |
| 586 ## - NOTA DE PREMIOS | |
| Nota de premios | Ganador del premio al mejor cuento publicado en la revista "Guantini", 2008, Miami Florida, Estados Unidos |
| 590 ## - NOTA LOCAL (RLIN) | |
| Nota local | Inventariado, 2022 / DG |
| 650 #4 - PUNTO DE ACCESO ADICIONAL DE MATERIA--TÉRMINO DE MATERIA | |
| Término de materia o nombre geográfico como elemento de entrada | Cuento dominicano |
| 9 (RLIN) | 21874 |
| 650 ## - PUNTO DE ACCESO ADICIONAL DE MATERIA--TÉRMINO DE MATERIA | |
| 9 (RLIN) | 21877 |
| Término de materia o nombre geográfico como elemento de entrada | Literatura dominicana |
| 700 1# - PUNTO DE ACCESO ADICIONAL--NOMBRE DE PERSONA | |
| Nombre de persona | Castro, Máximo, |
| Término indicativo de función/relación | il. |
| 9 (RLIN) | 21879 |
| 910 ## - DATOS DE OPCIÓN DEL USUARIO (OCLC) | |
| Datos de opción del usuario | DG |
| 942 ## - ELEMENTOS DE PUNTO DE ACCESO ADICIONAL (KOHA) | |
| Fuente del sistema de clasificación o colocación | Dewey Decimal Classification |
| Tipo de ítem Koha | Libro |
| Estado de retiro | Estado de pérdida | Fuente del sistema de clasificación o colocación | Restricciones de uso | No para préstamo | Código de colección | Localización permanente | Ubicación/localización actual | Ubicación en estantería | Fecha de adquisición | Signatura topográfica completa | Código de barras | Fecha visto por última vez | Precio válido a partir de | Tipo de ítem Koha | Número de copia | Fuente de adquisición | Total de préstamos |
|---|---|---|---|---|---|---|---|---|---|---|---|---|---|---|---|---|---|
| Dewey Decimal Classification | Excluido de préstamo | Patrimonio Dominicano | Biblioteca Nacional Pedro Henríquez Ureña | Biblioteca Nacional Pedro Henríquez Ureña | En catalogación | 20.02.2023 | C352d | 2022-1484 | 21.04.2022 | 21.04.2022 | Libro | ||||||
| Dewey Decimal Classification | Excluido de préstamo | Patrimonio Dominicano | Biblioteca Nacional Pedro Henríquez Ureña | Biblioteca Nacional Pedro Henríquez Ureña | En catalogación | 20.02.2023 | C352d | 2022-1485 | 21.04.2022 | 21.04.2022 | Libro | e.2 | |||||
| Dewey Decimal Classification | Préstamo en sala | Dominicana de Servicio | Biblioteca Nacional Pedro Henríquez Ureña | Biblioteca Nacional Pedro Henríquez Ureña | En catalogación | 20.02.2023 | C352d | 2022-1486 | 21.04.2022 | 21.04.2022 | Libro | e.3 | |||||
| Dewey Decimal Classification | Préstamo en sala | Dominicana de Servicio | Biblioteca Nacional Pedro Henríquez Ureña | Biblioteca Nacional Pedro Henríquez Ureña | En catalogación | 14.12.2021 | C352d | 2023-1022 | 20.02.2023 | 20.02.2023 | Libro | e.4 | Inventariado 2023 / MF |
